000
00193 a2200097 4500
001
10498
100
_a
Wykeham, P.
245
_a
Fighter command
260
_a
_b
Putnam
_c
090
_c
8114
_d
8114
942
_a
NUST-CAE
_c
M
_c
34839
999
_c
245571
_d
245571